[Event "Elets-A 75th"]
[Site "Elets"]
[Date "2014.12.03"]
[Round "5"]
[White "Airapetian, Gor"]
[Black "Chekhov, Sergey"]
[Result "0-1"]
[WhiteElo "2484"]
[BlackElo "2466"]
[PlyCount "306"]
[EventDate "2014.11.29"]
[EventType "tourn"]
[EventRounds "9"]
[EventCountry "RUS"]
[EventCategory "10"]
[SourceTitle "EXT 2016"]
[Source "ChessBase"]
[SourceDate "2015.10.08"]
[SourceVersion "1"]
[SourceVersionDate "2015.10.08"]
[SourceQuality "1"]

1. d4 Nf6 2. c4 e6 3. g3 c5 4. d5 exd5 5. cxd5 d6 6. Nf3 g6 7. Nc3 Bg7 8. Bg2 0-0 9. 0-0 Re8 10. Bf4 Ne4 11. Nxe4 Rxe4 12. Nd2 Rxf4 13. gxf4 Bxb2 14. Rb1 Bg7 15. e3 Na6 16. Qf3 b5 17. Bh3 Bxh3 18. Qxh3 Nc7 19. Nf3 b4 20. Rbd1 Nb5 21. f5 Qd7 22. Ng5 Qxf5 23. Qxh7+ Kf8 24. Qh4 Nc3 25. e4 Ne2+ 26. Kh1 Qf4 27. Qxf4 Nxf4 28. Nf3 Bc3 29. Nd2 Bxd2 30. Rxd2 Ke7 31. f3 a5 32. Kg1 Rh8 33. Kf2 Rxh2+ 34. Ke3 Ng2+ 35. Ke2 Nf4+ 36. Ke3 Rh4 37. Rff2 g5 38. Rh2 Nh3 39. Rh1 a4 40. Rdh2 Nf4 41. Rxh4 Ng2+ 42. Kd3 gxh4 43. Kc4 a3 44. Rh2 Ne3+ 45. Kb3 Nf1 46. Rh3 Ng3 47. Rh2 Kd7 48. Rxh4 Ne2 49. Rh1 Nd4+ 50. Ka4 Nxf3 51. Rf1 Ne5 52. Rf2 Ke7 53. Rf1 Nc4 54. Rf2 Nb2+ 55. Kb3 Nd1 56. Rf1 Ne3 57. Rf3 Ng4 58. Rf5 Ne5 59. Ka4 Nd3 60. Rf1 Ne5 61. Kb3 Nd7 62. Rf5 Ke8 63. Ka4 Kf8 64. Rg5 Ne5 65. Rg1 Nc4 66. Rg2 Ne5 67. Rg1 Nf3 68. Rg2 Nd4 69. Rf2 Ke7 70. Rf1 Ke8 71. Rh1 Kf8 72. Rf1 Ke7 73. Rf2 f6 74. Rh2 f5 75. exf5 Nxf5 76. Re2+ Kd7 77. Rh2 Ke7 78. Re2+ Kd8 79. Rh2 Ne7 80. Rh6 Kd7 81. Rh7 Ke8 82. Rh8+ Kf7 83. Rh7+ Kf6 84. Rh6+ Ng6 85. Kb3 Kg7 86. Rh1 Kf6 87. Rh6 Kg7 88. Rh1 Kf7 89. Rh7+ Ke8 90. Rh6 Kf7 91. Rh7+ Kf6 92. Rh6 Kg5 93. Rh7 Ne5 94. Re7 Nf3 95. Ka4 Nd4 96. Re1 Kf5 97. Re8 Nf3 98. Re6 Nd4 99. Re8 Kf6 100. Re1 Kf7 101. Rf1+ Ke7 102. Re1+ Kf6 103. Re4 Nf5 104. Re6+ Kg5 105. Re4 Nd4 106. Re1 Nc2 107. Re2 Nd4 108. Re1 Kf4 109. Re6 Kf5 110. Re1 b3 111. Rf1+ Ke5 112. Kxa3 bxa2 113. Kxa2 Kxd5 114. Kb2 Kc4 115. Rc1+ Kb4 116. Rd1 d5 117. Rd2 Kc4 118. Rd1 Nb5 119. Rh1 d4 120. Kc2 Na3+ 121. Kd2 Nb5 122. Kc2 Nd6 123. Rh3 Nf5 124. Rf3 Ne3+ 125. Kd2 Kd5 126. Rf8 Nc4+ 127. Kc2 Ne5 128. Rd8+ Kc4 129. Rf8 Nc6 130. Kd2 Na5 131. Rf3 Kb4 132. Rf8 c4 133. Rb8+ Kc5 134. Rc8+ Nc6 135. Kc2 Kd5 136. Kd2 Nb4 137. Rd8+ Kc5 138. Rc8+ Kb5 139. Rc7 Na6 140. Rd7 Nc5 141. Rh7 Kb4 142. Rc7 c3+ 143. Kd1 Na6 144. Rc8 Kb3 145. Rd8 Kc4 146. Rc8+ Kd3 147. Rh8 Nb4 148. Rh3+ Kc4 149. Rh8 Kb3 150. Rb8 Kc4 151. Rh8 Nd5 152. Kc2 d3+ 153. Kb1 d2 0-1

[Event "Elets-A 75th"]
[Site "Elets"]
[Date "2014.12.01"]
[Round "3"]
[White "Airapetian, Gor"]
[Black "Matinian, Nikita"]
[Result "1-0"]
[WhiteElo "2484"]
[BlackElo "2478"]
[PlyCount "62"]
[EventDate "2014.11.29"]
[EventType "tourn"]
[EventRounds "9"]
[EventCountry "RUS"]
[EventCategory "10"]
[SourceTitle "EXT 2016"]
[Source "ChessBase"]
[SourceDate "2015.10.08"]
[SourceVersion "1"]
[SourceVersionDate "2015.10.08"]
[SourceQuality "1"]

1. d4 d6 2. Nf3 g6 3. c4 Bg7 4. Nc3 f5 5. g3 Nf6 6. Bg2 0-0 7. 0-0 c6 8. b3 Qa5 9. Bb2 e5 10. Qd2 Na6 11. Rad1 exd4 12. Nxd4 Nc5 13. Nc2 Nfe4 14. Bxe4 fxe4 15. b4 Qb6 16. Qxd6 Ne6 17. Qd2 Qc7 18. Ba1 Qe7 19. Nxe4 Bxa1 20. Nxa1 Nf4 21. f3 Bh3 22. gxf4 Bxf1 23. Rxf1 Rad8 24. Qc1 Qxb4 25. Nb3 a5 26. Nbc5 Rf5 27. Rd1 Rxd1+ 28. Qxd1 Qxc4 29. Qd8+ Kg7 30. Qe7+ Qf7 31. Ne6+ Kh6 1-0

[Event "Chigorin Memorial 22nd"]
[Site "St Petersburg"]
[Date "2014.10.24"]
[Round "7"]
[White "Airapetian, Gor"]
[Black "Grinblat, Artemiy"]
[Result "1-0"]
[WhiteElo "2502"]
[BlackElo "2100"]
[PlyCount "77"]
[EventDate "2014.10.18"]
[EventType "swiss"]
[EventRounds "9"]
[EventCountry "RUS"]
[SourceTitle "EXT 2015"]
[Source "ChessBase"]
[SourceDate "2014.11.20"]
[SourceVersion "1"]
[SourceVersionDate "2014.11.20"]
[SourceQuality "1"]

1. e4 e6 2. d4 d5 3. Nc3 Nf6 4. e5 Nfd7 5. f4 c5 6. Nf3 Nc6 7. Be3 a6 8. Qd2 b5 9. a3 Qb6 10. Ne2 b4 11. axb4 Qxb4 12. c3 Qb7 13. Ng3 cxd4 14. Nxd4 Nxd4 15. Bxd4 Nc5 16. Rb1 Nb3 17. Qe3 Nxd4 18. cxd4 Bb4+ 19. Kf2 g6 20. Bd3 Bd7 21. h4 Bb5 22. h5 0-0 23. Bxb5 Qxb5 24. Ne2 Rac8 25. Rbc1 Rxc1 26. Rxc1 Rb8 27. g4 Be7 28. Rc2 gxh5 29. gxh5 Kh8 30. f5 Bh4+ 31. Kg2 Rg8+ 32. Kh3 Bg5 33. Qf3 exf5 34. Qxf5 h6 35. Ng3 Qb4 36. Rc7 Qxd4 37. Rxf7 Rg7 38. Qc8+ Rg8 39. Qc2 1-0

[Event "Chigorin Memorial 22nd"]
[Site "St Petersburg"]
[Date "2014.10.23"]
[Round "6"]
[White "Samdanov, Samdan"]
[Black "Airapetian, Gor"]
[Result "1-0"]
[WhiteElo "2278"]
[BlackElo "2502"]
[PlyCount "91"]
[EventDate "2014.10.18"]
[EventType "swiss"]
[EventRounds "9"]
[EventCountry "RUS"]
[SourceTitle "EXT 2015"]
[Source "ChessBase"]
[SourceDate "2014.11.20"]
[SourceVersion "1"]
[SourceVersionDate "2014.11.20"]
[SourceQuality "1"]

1. d4 d5 2. c4 c6 3. Nf3 Nf6 4. Nc3 e6 5. Bg5 h6 6. Bh4 dxc4 7. e4 g5 8. Bg3 b5 9. Be2 Bb7 10. 0-0 Nbd7 11. Ne5 h5 12. Nxd7 Qxd7 13. Be5 Rh6 14. Qc1 Rg6 15. Rd1 Ng4 16. Bg3 Nf6 17. b3 b4 18. Na4 c3 19. a3 Nxe4 20. Nc5 Bxc5 21. dxc5 Qe7 22. axb4 Nxg3 23. fxg3 g4 24. Qxc3 e5 25. Bd3 Rg5 26. b5 e4 27. Qh8+ Qf8 28. Qxf8+ Kxf8 29. Bxe4 Rxc5 30. Rd7 Bc8 31. Rd8+ Ke7 32. Rad1 Rb8 33. Bxc6 a6 34. Re8+ Kf6 35. Rd6+ Kg7 36. Rdd8 Rc1+ 37. Kf2 Rc2+ 38. Ke3 axb5 39. Rxc8 Rc3+ 40. Kd4 Rxc8 41. Rxc8 Rxb3 42. Rc7 Rb2 43. Bd5 Rf2 44. Rb7 Kg6 45. Rxb5 f5 46. Rb8 1-0